00269nam a2200121Ia 45000030006000000080041000060400015000471000023000622450024000852600009001095460012001180050017001300STCL150530s9999 xx 000 0 und d aSTCLcSTCL aAlbert Guerard, J. aConrad the novelist c1958 aEnglish20220125170842.0